书目信息 |
| 题名: |
老字号前传
|
|
| 作者: | 赵敏 编著 | |
| 分册: | ||
| 出版信息: | 北京 北京日报出版社 2020 |
|
| 页数: | 296页 | |
| 开本: | 21cm | |
| 丛书名: | ||
| 单 册: | ||
| 中图分类: | F279.271 | |
| 科图分类: | ||
| 主题词: | 老字号--lao zi hao--介绍--北京 | |
| 电子资源: | ||
| ISBN: | 978-7-5477-3688-3 | |
| 000 | 00775nam0 2200241 450 | |
| 001 | 2151116482 | |
| 005 | 20211018173724.0 | |
| 010 | @a978-7-5477-3688-3@dCNY39.80 | |
| 100 | @a20201125d2020 em y0chiy0120 ea | |
| 101 | 0 | @achi |
| 102 | @aCN@b110000 | |
| 105 | @aa z 000yy | |
| 106 | @ar | |
| 200 | 1 | @a老字号前传@Alao zi hao qian chuan@f赵敏编著 |
| 210 | @a北京@c北京日报出版社@d2020 | |
| 215 | @a296页@c图,照片@d21cm | |
| 300 | @a老北京有意思 | |
| 330 | @a本书截取了同仁堂、瑞蚨祥、马聚源等这些北京老字号在其百年乃是数百年的传承中的片段,以讲故事的形式记录下来这些老字号的传承。 | |
| 606 | 0 | @a老字号@Alao zi hao@x介绍@y北京 |
| 690 | @aF279.271@v5 | |
| 701 | 0 | @a赵敏@Azhao min@4编著 |
| 801 | 0 | @aCN@b百万庄@c20211018 |
| 905 | @b1310208-211@dF279.271@e1847@f4 | |
| 老字号前传/赵敏编著.-北京:北京日报出版社,2020 |
| 296页:图,照片;21cm |
| 老北京有意思 |
| ISBN 978-7-5477-3688-3:CNY39.80 |
| 本书截取了同仁堂、瑞蚨祥、马聚源等这些北京老字号在其百年乃是数百年的传承中的片段,以讲故事的形式记录下来这些老字号的传承。 |
| ● |
| 相关链接 |
|
|
|
|
正题名:老字号前传
索取号:F279.271/1847
 
预约/预借
| 序号 | 登录号 | 条形码 | 馆藏地/架位号 | 状态 | 备注 |
| 1 | 1310208 | 213102088 | 第一样本阅览室/ [索取号:F279.271/1847] | 在馆 | |
| 2 | 1310209 | 213102097 | 第一借阅区/ [索取号:F279.271/1847] | 在馆 | |
| 3 | 1310210 | 213102104 | 第一借阅区/ [索取号:F279.271/1847] | 在馆 | |
| 4 | 1310211 | 213102113 | 第一借阅区/ [索取号:F279.271/1847] | 在馆 |